| 000 | 00414nam a22001817a 4500 | ||
|---|---|---|---|
| 999 |
_c11474 _d11474 |
||
| 003 | OSt | ||
| 008 | 220823b ||||| |||| 00| 0 eng d | ||
| 020 | _a9789353594558 | ||
| 082 | _a346.066 AHC | ||
| 100 | _aAHUJA,Shagun | ||
| 245 | _aCompany Law-1 | ||
| 250 | _aReprint | ||
| 260 |
_aNew Delhi _bKalyani _c2019 |
||
| 300 | _aMisc | ||
| 650 | _aCommerce | ||
| 700 | _aBudhiraja,Lovenish | ||
| 942 |
_2ddc _cBK _02 |
||